Jogadores por país - Quiz de mapa (Amér. do Sul) - Statistics

Estatísticas Gerais
  • Esse quiz foi jogado 595 vezes
  • A pontuação média é 5 de 12
Respostas no mapa
Respostas codificadas por cores de uma escala verde-vermelha no mapa do quiz de acordo com a % correta abaixo.
 
Estatísticas das Respostas
Resposta % Correto
Ronaldinho Gaúcho
85%
Lionel Messi
79%
Giorgian De Arrascareta
77%
Arturo Vidal
71%
Gustavo Goméz
40%
Paolo Guerreiro
35%
Juan Cuadrado
22%
Henry Vaca
19%
Moisés Caicedo
19%
Aron Winter
17%
Yeferson Soteldo
14%
Matthew Briggs
12%
Nenhum quiz correspondente encontrado
Distribuição das Pontuações
Porcentagem de Pessoas com Cada Pontuação
Percentil de Números Respondidos
Sua Pontuação Histórica
Você não jogou esse quiz